00221 a2200109 4500001000700000020000600007040001100013100002300024240003000047245002500077362000900102172326 a  cMagnum aBueno, Maria Celia10aQuem cura o caracol?lpor10aQuem cura o caracol?0 a1995